|
|
|
|
| LEADER |
02088cas a2200241 a 4500 |
| 001 |
AALejournalIMF010504 |
| 008 |
230101c9999 xx r poo 0 0eng d |
| 020 |
|
|
|c 15.00 USD
|
| 020 |
|
|
|z 9781451969108
|
| 022 |
|
|
|a 1020-7635
|
| 040 |
|
|
|a BD-DhAAL
|c BD-DhAAL
|
| 110 |
2 |
|
|a International Monetary Fund.
|b Research Dept.
|
| 245 |
1 |
0 |
|a IMF Staff papers :
|b Volume 13 No. 3.
|
| 264 |
|
1 |
|a Washington, D.C. :
|b International Monetary Fund,
|c 1966.
|
| 300 |
|
|
|a 1 online resource (166 pages)
|
| 490 |
1 |
|
|a IMF Staff Papers
|
| 500 |
|
|
|a <strong>Off-Campus Access:</strong> No User ID or Password Required
|
| 500 |
|
|
|a <strong>On-Campus Access:</strong> No User ID or Password Required
|
| 506 |
|
|
|a Electronic access restricted to authorized BRAC University faculty, staff and students
|
| 520 |
3 |
|
|a This paper explores trends in payment imbalances between 1952 and 1964. When desired reserves deviate appreciably from actual holdings, the authorities will sooner or later readjust their economic policies to reduce the magnitude of the deviation. On the assumption that the priorities given in individual countries to domestic and external objectives of economic policy and the attitudes toward the use of various policy instruments remain unchanged, desired reserves would tend to rise chiefly as a result of the increase in the size of expected payments fluctuations. International reserves of all 65 countries of the study rose over the period studied by 2.5 per cent a year. This low rate of increase reflects, however, the large reduction in US reserves. For all countries of the study excluding the United States, the reserves grew by 6.0 per cent a year. Leaving aside the loss of reserves by the United States, reserves of all countries appear, therefore, to have grown roughly in proportion to the value of trade and to the size of payments imbalances.
|
| 538 |
|
|
|a Mode of access: Internet
|
| 830 |
|
0 |
|a IMF Staff Papers; IMF Staff Papers ;
|v No. 1966/003
|
| 856 |
4 |
0 |
|z Full text available on IMF
|u http://elibrary.imf.org/view/journals/024/1966/003/024.1966.issue-003-en.xml
|z IMF e-Library
|